[Event "Izt"]
[Site "Saltsjobaden (Sweden)"]
[Round "0"]
[White "Kotov Alexander A (RUS)"]
[Black "Wade Robert G (ENG)"]
[Result "1-0"]
[WhiteElo "2500"]
[BlackElo "2148"]

1.d4 d6 2.c4 e5 3.Nf3 Nd7 4.e4 g6 5.Bg5 f6 ( { ? } 5...Be7 ) ( 5...Ne7 6.dxe5
dxe5 7.Nxe5 Nxe5 8.Qxd8+ Kxd8 9.Bf6 { ? } ) ( 5...Ngf6 6.dxe5 dxe5 7.Nxe5 Qe7
8.Nxd7 Qxe4+ 9.Be2 Nxd7 10.O-O { ? } ) 6.Bh4 Bg7 ( 6...Nh6 7.dxe5 dxe5 8.Nxe5
) 7.c5 dxc5 ( 7...Qe7 8.cxd6 cxd6 9.Nc3 ) 8.dxe5 Qe7 9.Nc3 Nxe5 ( { ? } 9...c6
10.exf6 Ngxf6 ) 10.Nxe5 Qxe5 11.Bg3 Qe6 12.Nd5 Kf7 13.Nxc7 Qxe4+ 14.Be2 Bh3
15.Nxa8 Bxg2 16.Rg1 Bh6 17.Qb3+ Kg7 18.f3 Qd4 19.Rxg2 Bd2+ 20.Kf1 Ne7 21.Nc7
{#r} 1-0

[Event "It"]
[Site "London (England)"]
[Round "2"]
[White "Franklin Michael J (ENG)"]
[Black "Harding Tim D (IRL)"]
[Result "1-0"]
[WhiteElo "2191"]
[BlackElo "2072"]

1.d4 d6 2.Nf3 f5 3.b3 g6 4.Bb2 Bg7 5.Nbd2 c5 6.g3 Na6 7.Bg2 Nf6 8.d5 O-O 9.c4
Rb8 10.a4 Nb4 11.O-O h6 12.Qb1 e5 13.dxe6 Bxe6 14.Nh4 Bf7 15.e4 Nxe4 16.Nxe4
fxe4 17.Bxe4 Bxb2 18.Qxb2 Qg5 19.Rad1 Rfe8 20.Qb1 Re6 21.f4 Qg4 22.Bf3 Qh3
23.f5 gxf5 24.Bg2 Qg4 25.Nxf5 Rbe8 26.Qc1 Qg6 27.Qf4 Rf8 28.Rxd6 {#r} 1-0

[Event "It"]
[Site "Malme (Sweden)"]
[Round "1"]
[White "Schmidt Wlodzimierz (POL)"]
[Black "Kaiszauri Konstanty (SWE)"]
[Result "1-0"]
[WhiteElo "2430"]
[BlackElo "2405"]

1.d4 d6 2.Nf3 g6 3.c4 f5 4.b3 Bg7 5.Bb2 e5 6.dxe5 Nd7 7.Nc3 dxe5 8.e4 Nh6 9.h4
O-O 10.Ng5 Re8 11.exf5 gxf5 12.Be2 c6 13.Bh5 e4 14.Bxe8 Qxe8 15.Qc2 Ng4
16.O-O-O Nc5 17.Rhe1 Qf8 18.f3 Nd3+ 19.Rxd3 exd3 20.Qd2 Nf6 21.Qxd3 Bd7 22.Ne2
Re8 23.Rd1 b5 24.Nf4 h6 25.Ngh3 Qc5 26.Qd6 {#r} 1-0

[Event "It (a)"]
[Site "Trnava (Slovakia)"]
[Round "1"]
[White "Moehring Guenther (GER)"]
[Black "Bohosjan Sarkis (BUL)"]
[Result "1-0"]
[WhiteElo "2294"]
[BlackElo "2365"]

1.d4 d6 2.c4 e5 3.dxe5 dxe5 4.Qxd8+ Kxd8 5.Nc3 Be6 6.b3 c6 7.g3 f6 8.Bg2 a5
9.Bd2 Nd7 10.Nf3 Kc7 11.O-O g5 12.Rfd1 g4 13.Nh4 Ne7 14.Be4 f5 15.Bc2 Bg7
16.e4 f4 17.gxf4 exf4 18.Bxf4+ Kc8 19.e5 Kc7 20.Rd6 Nf8 21.Rad1 Re8 22.Na4
Neg6 23.Nxg6 Nxg6 24.Bxg6 hxg6 25.Rd7+ {#r} 1-0

[Event "Ch Great Britain"]
[Site "Chester (England)"]
[Round "3"]
[White "Cooper John G (WLS)"]
[Black "Hodgson Julian M (ENG)"]
[Result "0-1"]
[WhiteElo "2272"]
[BlackElo "2609"]

1.d4 d6 2.Nf3 Bg4 3.e4 e5 4.dxe5 Nc6 5.exd6 Bxd6 6.h3 Bh5 7.Bb5 Qe7 8.Qe2 Nf6
9.g4 Nxg4 10.hxg4 Bxg4 11.Be3 O-O 12.Bxc6 bxc6 13.Nbd2 Rab8 14.Bd4 Bf4
15.O-O-O Rfd8 16.Rhg1 Rxd4 17.Rxg4 Rxe4 18.Rdg1 Rxe2 19.Rxg7+ Kh8 {#R} 0-1

[Event "It (cat.7)"]
[Site "Keszthely (Hungary)"]
[Round "0"]
[White "Szeles Karoly (HUN)"]
[Black "Hazai Laszlo (HUN)"]
[Result "0-1"]
[WhiteElo "2285"]
[BlackElo "2450"]

1.d4 d6 2.Nf3 g6 3.c3 Bg7 4.Bg5 h6 5.Bh4 Nf6 6.Nbd2 O-O 7.e4 g5 8.Bg3 Nh5
9.Bc4 e6 10.Qe2 a6 11.O-O-O b5 12.Bb3 Nd7 13.e5 Bb7 14.exd6 Nxg3 15.hxg3 cxd6
16.Bc2 Re8 17.Nh2 Bxg2 18.Rhg1 Bb7 19.f4 b4 20.cxb4 Rc8 21.Kb1 Qb6 22.Nb3 Qxb4
23.fxg5 hxg5 24.Nf3 g4 25.Ng5 f5 26.d5 Bxd5 27.Rxd5 exd5 28.Qh2 Re1+ {#R} 0-1

[Event "It "]
[Site "London (England)"]
[Date "1981.08.31"]
[Round "7"]
[White "Ligterink Gert (NED)"]
[Black "Seirawan Yasser (USA)"]
[Result "0-1"]
[WhiteElo "2430"]
[BlackElo "2565"]

1.d4 d6 2.Nf3 g6 3.c4 Bg7 4.Nc3 e5 5.dxe5 dxe5 6.Qxd8+ Kxd8 7.g3 c6 8.Bg2 Be6
9.Ng5 Bxc4 10.b3 h6 11.bxc4 hxg5 12.Bxg5+ f6 13.Be3 Nh6 14.O-O Kc7 15.Bh3 Nf7
16.Kg2 f5 17.Rad1 Nd7 18.f4 Rh7 19.Ne4 Nb6 20.Nc5 Rah8 21.Ne6+ Kc8 22.Bxb6
axb6 23.Nxg7 Rxh3 24.Rh1 exf4 25.gxf4 Re3 26.Kf2 Re7 {#R} 0-1

[Event "Memorial Em.Lasker"]
[Site "Berlin (Germany)"]
[Round "0"]
[White "Knaak Rainer (GER)"]
[Black "Espig Lutz (GER)"]
[Result "1-0"]
[WhiteElo "2505"]
[BlackElo "2425"]

1.d4 d6 2.c4 e5 3.Nf3 Nd7 4.Nc3 Be7 5.Qc2 c6 6.e3 Ngf6 7.Bd3 a6 8.O-O O-O 9.b3
Re8 10.Bb2 Bf8 11.Rad1 Qc7 12.h3 b5 13.Ng5 g6 14.f4 exd4 15.exd4 Bh6 16.Qf2
Nf8 17.d5 bxc4 18.Nce4 Nxe4 19.Nxe4 Bg7 20.Bxg7 Kxg7 21.Qd4+ Kh6 22.Nf6 Bxh3
23.Ng8+ Kh5 24.Qg7 {#r} 1-0

[Event "Ch URS (qual)"]
[Site "Severodonetsk (Ukraine)"]
[Round "0"]
[White "Gavrikov Viktor (LTU)"]
[Black "Gurevich Mikhail (TUR)"]
[Result "1-0"]
[WhiteElo "2430"]
[BlackElo "2546"]

1.d4 d6 2.Nf3 g6 3.c4 f5 4.Nc3 Nf6 5.g3 Bg7 6.Bg2 O-O 7.d5 Na6 8.Nd4 Qe8 9.O-O
Bd7 10.e3 c6 11.Rb1 Nc7 12.b4 cxd5 13.cxd5 Rc8 14.a4 Na8 15.Qb3 Ne4 16.Nxe4
fxe4 17.b5 Bxd4 18.exd4 Bg4 19.Bh6 Rf7 20.Bxe4 Nb6 21.f3 Bd7 22.Rbc1 e6
23.Rce1 {#r} 1-0

[Event "Ch Europe (juniors)"]
[Site "Groningen (Netherlands)"]
[Round "4"]
[White "Kozul Zdenko (CRO)"]
[Black "Bogaerts Jan (BEL)"]
[Result "1-0"]
[WhiteElo "2614"]
[BlackElo "2292"]

1.d4 d6 2.Nf3 f5 3.Bg5 Nd7 4.Nc3 Ngf6 5.e3 e6 6.Bd3 c6 7.O-O Be7 8.Qe1 O-O
9.e4 fxe4 10.Nxe4 Rf7 11.c4 Qc7 12.Bh4 Nxe4 13.Qxe4 Nf8 14.Bg3 Qa5 15.a3 Qh5
16.b4 Bd7 17.c5 e5 18.cxd6 Bf5 19.Qe2 Bxd3 20.Qxd3 Bxd6 21.dxe5 Bc7 22.Qc4 Re8
23.Rad1 Ne6 24.Nd4 Nxd4 25.Rxd4 Bxe5 26.Re4 Re7 27.Qc5 {#r} 1-0

[Event "Ch DDR"]
[Site "Eilenburg (Germany)"]
[Round "11"]
[White "Knaak Rainer (GER)"]
[Black "Casper Thomas (GER)"]
[Result "1-0"]
[WhiteElo "2530"]
[BlackElo "2430"]

1.d4 d6 2.c4 Nd7 3.Nc3 e5 4.Nf3 c6 5.e4 Ngf6 6.Be2 g6 7.Bg5 h6 8.Bh4 Be7 9.Qd2
Nh5 10.Bxe7 Qxe7 11.O-O-O Nhf6 12.h3 b6 13.c5 bxc5 14.d5 Bb7 15.dxc6 Bxc6
16.Qxd6 Qxd6 17.Rxd6 Bxe4 18.Rhd1 Bb7 19.Bb5 O-O-O 20.Nd2 a6 21.Bxa6 Bxa6
22.Rxa6 Kb7 23.Rd6 Ne8 24.Rd3 Kc6 25.Nc4 f6 26.Nd5 Rh7 27.Ra3 Nc7 28.Na5+ {#r}
1-0

[Event "It"]
[Site "Sindelfingen (Germany)"]
[Date "1984.10.22"]
[Round "3"]
[White "Pachman Ludek (GER)"]
[Black "Bischoff Klaus (GER)"]
[Result "1-0"]
[WhiteElo "2278"]
[BlackElo "2497"]

1.d4 d6 2.Nf3 g6 3.c4 f5 4.Nc3 Bg7 5.e4 Nh6 6.Be2 O-O 7.h4 fxe4 8.Nxe4 Bg4
9.Nfg5 Bxe2 10.Qxe2 Nf5 11.Ne6 Nxd4 12.Nxd4 Bxd4 13.Bh6 Rf5 14.O-O-O Nc6 15.h5
Qd7 16.hxg6 hxg6 17.g4 Ra5 18.Rxd4 Nxd4 19.Qd3 Nf5 20.Ng3 Qc6 21.gxf5 Rxf5
22.Re1 {#r} 1-0

[Event "Tournament"]
[Site "Athens (Greece)"]
[Round "0"]
[White "Raptis Georgios (GRE)"]
[Black "Kourkounakis Ilias (GRE)"]
[Result "0-1"]
[WhiteElo "2151"]
[BlackElo "2349"]

1.d4 d6 2.Nf3 Nd7 3.Bf4 g6 4.e3 Bg7 5.Bc4 e5 6.Bg5 f6 7.Bh4 Nh6 8.c3 Nf5 9.Bg3
c6 10.dxe5 dxe5 11.Qc2 Nc5 12.Nbd2 Nd6 13.e4 Nxc4 14.Nxc4 Be6 15.Rd1 Bxc4
16.Rxd8+ Rxd8 17.Nd2 Bd3 18.Qd1 Bh6 19.f4 Ba6 20.Qg4 exf4 21.Bh4 f3 22.gxf3
Rxd2 23.Qc8+ Kf7 24.Qxh8 Nd3+ {#R} 0-1

[Event "?"]
[Site "Moscow (Russia)"]
[Round "0"]
[White "Volodin Viktor (RUS)"]
[Black "Gagarin Vasilij (RUS)"]
[Result "0-1"]
[WhiteElo "2202"]
[BlackElo "2289"]

1.d4 d6 2.c4 e5 3.d5 f5 4.Nf3 Nf6 5.Nc3 g6 6.g3 Bg7 7.Bg2 O-O 8.O-O a5 9.e4 f4
10.gxf4 Bg4 11.fxe5 Nfd7 12.Bg5 Qc8 13.Nb5 Nxe5 14.Nbd4 c5 15.dxc6 Nbxc6
16.Nxe5 Bxd1 17.Nexc6 bxc6 18.Raxd1 Qe8 19.b3 Kh8 20.Be3 Rc8 21.Bh3 Qxe4
22.Ne6 Qh4 23.Kg2 Rf3 24.Ng5 Rxh3 25.Nxh3 Qg4+ 26.Kh1 Qxh3 {#R} 0-1

[Event "It (open) "]
[Site "Farum (Denmark)"]
[Round "4"]
[White "Heyken Enno (GER)"]
[Black "Hoi Carsten (DEN)"]
[Result "1-0"]
[WhiteElo "2353"]
[BlackElo "2405"]

1.d4 d6 2.Nf3 g6 3.c4 Bg7 4.e4 Bg4 5.Be2 Nc6 6.Be3 e5 7.d5 Bxf3 8.Bxf3 Nd4
9.Nd2 Ne7 10.g3 Nxf3+ 11.Nxf3 O-O 12.h4 h5 13.Qe2 Qd7 14.Ng5 c5 15.f3 Bf6
16.g4 hxg4 17.fxg4 Kg7 18.O-O-O Ng8 19.Rdf1 b5 20.h5 Bxg5 21.Bxg5 gxh5 22.Rxh5
f6 23.Qh2 Rf7 24.Rxf6 Kf8 25.Rf5 Rxf5 26.gxf5 Qg7 27.Qh4 {#r} 1-0

[Event "It (open)"]
[Site "West Berlin (Germany)"]
[Round "0"]
[White "Birnboim Nathan (ISR)"]
[Black "Radulov Ivan (BUL)"]
[Result "1-0"]
[WhiteElo "2445"]
[BlackElo "2420"]

1.d4 d6 2.c4 e5 3.Nf3 exd4 4.Nxd4 g6 5.g3 Bg7 6.Bg2 Ne7 7.O-O Nbc6 8.Nxc6 bxc6
9.Nc3 O-O 10.Bg5 Rb8 11.Qd2 c5 12.b3 f6 13.Bf4 Bb7 14.Bxb7 Rxb7 15.Rad1 Rb8
16.Nb5 Ra8 17.Qa5 g5 18.Bd2 c6 19.Nc7 Rc8 20.Ne6 Qd7 21.Nxf8 Bxf8 22.Bc3 Qe6
23.Qxa7 h5 24.Rd3 Nf5 25.Re1 d5 26.e4 {#r} 1-0

[Event "Ch Hungary"]
[Site "Budapest (Hungary)"]
[Round "0"]
[White "Farago Ivan (HUN)"]
[Black "Schneider Raymond (LUX)"]
[Result "1-0"]
[WhiteElo "2520"]
[BlackElo "2285"]

1.d4 d6 2.c4 e5 3.Nf3 exd4 4.Nxd4 g6 5.g3 Bg7 6.Bg2 Ne7 7.Nc3 Nbc6 8.Nc2 O-O
9.O-O Rb8 10.Qd2 Be6 11.b3 Qd7 12.Rd1 Bh3 13.Bh1 f5 14.f4 g5 15.e3 gxf4
16.exf4 Ng6 17.Bb2 Rbe8 18.c5 Bg4 19.Re1 Rxe1+ 20.Rxe1 Re8 21.Rxe8+ Qxe8
22.cxd6 cxd6 23.Ne3 Bh3 24.Ncd5 Qf8 25.Nc7 Qe7 26.Bd5+ Kh8 27.Ne6 Bf6 28.Ng5
{#r} 1-0

[Event "It"]
[Site "Budapest (Hungary)"]
[Round "5"]
[White "Zsinka Laszlo (HUN)"]
[Black "Davies Nigel R (ENG)"]
[Result "1-0"]
[WhiteElo "2395"]
[BlackElo "2460"]

1.d4 d6 2.c4 e5 3.d5 g6 4.e4 a5 5.Nc3 h5 6.Be3 Bh6 7.Qd2 Na6 8.Bd3 h4 9.O-O-O
Bxe3 10.Qxe3 Nf6 11.f3 Qe7 12.Nge2 Qf8 13.g4 Qe7 14.h3 Nh7 15.f4 exf4 16.Nxf4
Nf6 17.e5 Qxe5 18.Qd2 Qd4 19.Nxg6 Rg8 20.Qe1+ Be6 21.dxe6 {#r} 1-0

[Event "Bundesliga 1987/88"]
[Site "Germany"]
[Round "0"]
[White "Behrmann Joachim (GER)"]
[Black "Lauterbach Ingrid (ENG)"]
[Result "1-0"]
[WhiteElo "2206"]
[BlackElo "2077"]

1.d4 d6 2.c3 Nf6 3.Bg5 Nbd7 4.Nd2 e5 5.Ngf3 Be7 6.e3 O-O 7.Bd3 Nd5 8.h4 h6
9.Qb3 c6 10.Bxe7 Nxe7 11.g4 exd4 12.cxd4 Nd5 13.g5 Qb6 14.Qc2 c5 15.gxh6 gxh6
16.Bc4 N7f6 17.Ng5 Nb4 18.Qg6+ {#r} 1-0

[Event "It (open)"]
[Site "Budapest (Hungary)"]
[Round "7"]
[White "Farago Ivan (HUN)"]
[Black "Davies Nigel R (ENG)"]
[Result "0-1"]
[WhiteElo "2535"]
[BlackElo "2460"]

1.d4 d6 2.Nf3 Bg4 3.e4 Nf6 4.Nc3 e6 5.Be2 Be7 6.O-O O-O 7.Be3 c5 8.d5 exd5
9.exd5 Na6 10.h3 Bxf3 11.Bxf3 Nc7 12.a4 b6 13.Rb1 Nd7 14.Be2 Bg5 15.Bxg5 Qxg5
16.Bb5 Nxb5 17.axb5 Nf6 18.Ra1 Rfe8 19.Ra4 h5 20.Qd3 Re7 21.Kh2 Rae8 22.Qg3
Qh6 23.f4 Nh7 24.Rfa1 Re3 25.Qf2 Nf6 26.Kh1 Ng4 27.Qh4 Qf6 {#R} 0-1

[Event "Memorial A.Rubinstein"]
[Site "Polanica Zdroj (Poland)"]
[Round "0"]
[White "Greenfeld Alon (ISR)"]
[Black "Popchev Milko (BUL)"]
[Result "1-0"]
[WhiteElo "2515"]
[BlackElo "2278"]

1.d4 d6 2.g3 Nf6 3.Bg2 c6 4.c4 Nbd7 5.Nc3 e5 6.e3 Be7 7.Nge2 O-O 8.O-O Re8
9.b3 Bf8 10.Qc2 Qa5 11.Bb2 exd4 12.Nxd4 Qh5 13.Nce2 Qg6 14.e4 Nc5 15.Rfe1 Qh6
16.Bc1 Qh5 17.Nf4 Qe5 18.Bb2 Qe7 19.b4 Ncd7 20.Nf5 Qd8 21.c5 dxc5 22.e5 Nd5
23.e6 Nxf4 24.exf7+ Kxf7 25.Nh6+ {#r} 1-0

[Event "It (open)"]
[Site "Dieren (Netherlands)"]
[Round "8"]
[White "Meulders Richard (BEL)"]
[Black "Hartoch Robert G (NED)"]
[Result "1-0"]
[WhiteElo "2245"]
[BlackElo "2198"]

1.d4 d6 2.Nf3 Bg4 3.Nbd2 Nf6 4.b3 e6 5.Bb2 Be7 6.g3 O-O 7.Bg2 c6 8.O-O a5 9.h3
Bxf3 10.Nxf3 a4 11.a3 Nbd7 12.Re1 Qb6 13.e4 axb3 14.cxb3 d5 15.Nd2 dxe4
16.Nxe4 Nxe4 17.Bxe4 Nf6 18.Bc2 Rad8 19.b4 Rd7 20.Qf3 Nd5 21.Rad1 Bf6 22.Bb3
Rfd8 23.Re4 Nc7 24.Rg4 Bxd4 25.Rdxd4 Rxd4 26.Qf6 {#r} 1-0

[Event "It (cat.7)"]
[Site "Naleczow (Poland)"]
[Round "11"]
[White "Petkevich Jusefs (LAT)"]
[Black "Andonov Bogomil (BUL)"]
[Result "1-0"]
[WhiteElo "2356"]
[BlackElo "2304"]

1.d4 d6 2.Nf3 Bg4 3.c4 c6 4.Nc3 Nf6 5.g3 Bxf3 6.exf3 d5 7.Bd3 e6 8.O-O dxc4
9.Bxc4 g6 10.Re1 Bg7 11.Qb3 b5 12.Bxe6 fxe6 13.Qxe6+ Kf8 14.Bf4 Ne8 15.Bg5 Bf6
16.Ne4 Nd7 17.Nd6 Nxd6 18.Bh6+ {#r} 1-0

[Event "Cup Arnold"]
[Site "Gausdal (Norway)"]
[Round "0"]
[White "Kristiansen Erling (NOR)"]
[Black "Mokry Karel (CZE)"]
[Result "0-1"]
[WhiteElo "2147"]
[BlackElo "2495"]

1.d4 d6 2.c4 e5 3.Nf3 e4 4.Nfd2 f5 5.e3 Nf6 6.Be2 g6 7.O-O Bg7 8.Nc3 O-O 9.b4
Nc6 10.Rb1 Ne7 11.Bb2 Be6 12.d5 Bf7 13.Nb3 Re8 14.Nd4 c6 15.dxc6 bxc6 16.Qa4
Qc7 17.Rfd1 Nd7 18.Ncb5 cxb5 19.Nxb5 Qc6 20.Rxd6 Qc8 21.Bxg7 Kxg7 22.Nxa7 Ne5
23.Ra6 Qb7 24.b5 Nc8 25.b6 Nxa7 26.Rxa7 Rxa7 27.Qxa7 Qxa7 28.bxa7 Ra8 {#R} 0-1

[Event "?"]
[Site "Dortmund (Germany)"]
[Round "0"]
[White "Kirov Nino (BUL)"]
[Black "Marangunic Srdjan (CRO)"]
[Result "1-0"]
[WhiteElo "2419"]
[BlackElo "2354"]

1.d4 d6 2.Nf3 Bg4 3.c4 c6 4.Nc3 Nf6 5.e4 e6 6.h3 Bh5 7.Qb3 Qb6 8.d5 exd5
9.cxd5 Bg6 10.Qc4 Nbd7 11.Be3 Qxb2 12.Rb1 Qa3 13.dxc6 bxc6 14.Qxc6 Rd8 15.Nb5
Qxa2 16.Nc7+ Ke7 17.Bd3 Qa5+ 18.Ke2 Nc5 19.Bxc5 Qxc5 20.Qb7 Rd7 21.Rhc1 Qa5
22.Nd4 Qa2+ 23.Kf1 {#r} 1-0

[Event "Cup URS (active)"]
[Site "Tallinn (Estonia)"]
[Round "1"]
[White "Koutsin Sergey (UKR)"]
[Black "Azmaiparashvili Zurab (GEO)"]
[Result "0-1"]
[WhiteElo "2481"]
[BlackElo "2540"]

1.d4 d6 2.Nf3 g6 3.c3 Bg7 4.e4 Nf6 5.Qc2 O-O 6.Bg5 Nc6 7.Nbd2 h6 8.Bh4 e5
9.dxe5 dxe5 10.Be2 Qe8 11.O-O Nh5 12.Rfe1 Nf4 13.Bf1 a5 14.a4 Be6 15.Bb5 Qc8
16.Bf1 Nb8 17.Nc4 Nd7 18.b3 Bg4 19.Nfd2 Nc5 20.b4 axb4 21.cxb4 Nce6 22.f3 Nd4
23.Qc3 Be6 {#R} 0-1

[Event "It (cat.10)"]
[Site "Dresden (Germany)"]
[Round "0"]
[White "Marin Mihail (ROM)"]
[Black "Khasin Alexander (RUS)"]
[Result "1-0"]
[WhiteElo "2480"]
[BlackElo "2425"]

1.d4 d6 2.Nf3 Bg4 3.c4 Nd7 4.e4 e5 5.Be2 Be7 6.Nc3 Ngf6 7.O-O O-O 8.Be3 c6
9.d5 cxd5 10.cxd5 Ne8 11.Qb3 Qb8 12.Rfc1 Nc5 13.Qc2 f5 14.Bxc5 dxc5 15.exf5
Bxf5 16.Bd3 Bxd3 17.Qxd3 Rf4 18.Re1 Bd6 19.Ng5 g6 20.Qh3 {#r} 1-0

[Event "Ch BRD (juniors) (open)"]
[Site "Trier (Germany)"]
[Round "5"]
[White "Tozer Richard (ENG)"]
[Black "Har-Zvi Ronen (ISR)"]
[Result "1-0"]
[WhiteElo "2235"]
[BlackElo "2513"]

1.d4 d6 2.Nf3 Bg4 3.c4 Nd7 4.Qb3 Rb8 5.h3 Bh5 6.Bf4 c6 7.Nbd2 Qa5 8.g4 Bg6
9.Qe3 e6 10.Bg2 Ngf6 11.O-O Be7 12.Bg3 O-O 13.Nh4 e5 14.Nxg6 hxg6 15.a3 Qb6
16.b4 Rbe8 17.Nb3 Qa6 18.Rfe1 Bd8 19.a4 Qb6 20.Qd2 a6 21.c5 Qc7 22.dxe5 dxe5
23.Rad1 Qb8 24.g5 Nd5 25.e4 Bc7 26.exd5 {#r} 1-0

[Event "It (open)"]
[Site "Warsaw (Poland)"]
[Round "0"]
[White "Jasnikowski Zbigniew (POL)"]
[Black "Tseshkovsky Vitaly (RUS)"]
[Result "0-1"]
[WhiteElo "2356"]
[BlackElo "2520"]

1.d4 d6 2.Nf3 Bg4 3.e3 Nd7 4.c4 e5 5.Nc3 Ngf6 6.h3 Bh5 7.g4 Bg6 8.Nh4 c6 9.Bg2
Be7 10.O-O Nb6 11.f4 exf4 12.exf4 Ne4 13.Nxe4 Bxe4 14.Bxe4 Bxh4 15.g5 Qd7
16.Kg2 f5 17.Bf3 O-O-O 18.d5 cxd5 19.cxd5 h6 20.a4 Qe7 21.Qc2+ Kb8 22.Qxf5
hxg5 23.fxg5 Nc4 24.Qe6 Qc7 25.Bf4 Rde8 26.Qg6 Ne5 27.Qe4 Qd8 28.g6 Qf6 {#R}
0-1

[Event "It"]
[Site "Alicante (Spain)"]
[Round "0"]
[White "Hernandez Roman (CUB)"]
[Black "Gomez Deltel Nazario (ESP)"]
[Result "1-0"]
[WhiteElo "2450"]
[BlackElo "2053"]

1.d4 d6 2.Nf3 Bg4 3.e4 Nf6 4.Nc3 e6 5.Be2 Be7 6.O-O O-O 7.Be3 c5 8.d5 exd5
9.exd5 Na6 10.h3 Bc8 11.Re1 Nc7 12.a4 b6 13.Qd2 Bb7 14.Bc4 a6 15.Bg5 Re8
16.Rab1 Rb8 17.b4 b5 18.axb5 axb5 19.Nxb5 Nfxd5 20.bxc5 dxc5 21.Nxc7 Nxc7
22.Rxe7 Bxf3 23.Rxb8 Qxb8 24.Bxf7+ {#r} 1-0

[Event "Tournament"]
[Site "Athens (Greece)"]
[Round "0"]
[White "Skembris Spyridon (GRE)"]
[Black "Makropoulos Georgios (GRE)"]
[Result "1-0"]
[WhiteElo "2420"]
[BlackElo "2385"]

1.d4 d6 2.Nf3 Bg4 3.e4 Nf6 4.h3 Bh5 5.Nc3 Nc6 6.d5 Bxf3 7.gxf3 Nb8 8.Bg2 c6
9.f4 Qc7 10.O-O cxd5 11.e5 dxe5 12.fxe5 Qxe5 13.Re1 Qd6 14.Nxd5 Nxd5 15.c4
{#r} 1-0

[Event "It (open)"]
[Site "Zuerich (Switzerland)"]
[Round "0"]
[White "Summermatter Daniel (SUI)"]
[Black "Schmid Wolfgang (GER)"]
[Result "1-0"]
[WhiteElo "2314"]
[BlackElo "2204"]

1.d4 d6 2.c3 e5 3.e4 Nf6 4.Nd2 g6 5.Ngf3 exd4 6.cxd4 Bg7 7.Bd3 O-O 8.O-O c6
9.Re1 d5 10.e5 Ne8 11.Nf1 Bg4 12.Ne3 Bxf3 13.Qxf3 Nc7 14.Ng4 Nd7 15.Nh6+ Bxh6
16.Bxh6 Re8 17.Qg4 Ne6 18.Rad1 Ng7 19.Bxg7 Kxg7 20.f4 Nf8 21.f5 f6 22.fxg6
hxg6 23.Rf1 Qd7 24.exf6+ Kf7 25.Bxg6+ {#r} 1-0

[Event "It (open) "]
[Site "London (England)"]
[Round "0"]
[White "Tozer Richard (ENG)"]
[Black "Azmaiparashvili Zurab (GEO)"]
[Result "0-1"]
[WhiteElo "2235"]
[BlackElo "2575"]

1.d4 d6 2.c4 e5 3.d5 g6 4.Nc3 f5 5.e4 Nf6 6.exf5 gxf5 7.Be2 Bg7 8.f4 e4 9.Be3
O-O 10.Nh3 Qe7 11.Nf2 c5 12.Qd2 Na6 13.h3 Nc7 14.g4 a6 15.g5 Nd7 16.a4 b6
17.Nfd1 Bb7 18.Ra3 b5 19.axb5 axb5 20.cxb5 Nxb5 21.Rb3 Nd4 22.Rxb7 Qd8 23.Bxd4
cxd4 24.b4 Qc8 25.Rb5 d3 26.Bxd3 exd3 27.Qxd3 Re8+ 28.Kf2 Qc4 {#R} 0-1

[Event "Ch France (team)"]
[Site "France"]
[Round "0"]
[White "Juglard Eric (FRA)"]
[Black "Marciniak Gerard (FRA)"]
[Result "1-0"]
[WhiteElo "2119"]
[BlackElo "2060"]

1.d4 d6 2.Nc3 g6 3.Bg5 Bg7 4.Nf3 Nd7 5.e4 c5 6.dxc5 Nxc5 7.e5 dxe5 8.Qxd8+
Kxd8 9.O-O-O+ Nd7 10.Bc4 f6 11.Be3 Nh6 12.Be6 Nf5 13.Bc5 Bh6+ 14.Kb1 Ke8
15.Ba3 Nb6 16.Bb3 Bd7 17.Rhe1 Rc8 18.g4 Nd6 19.Bxd6 Bxg4 20.Rd3 exd6 21.Ne4
Bxf3 22.Nxd6+ Ke7 23.Nxc8+ Rxc8 24.Rxf3 Bf4 25.Rxf4 {#r} 1-0

[Event "Memorial Em.Lasker"]
[Site "Berlin (Germany)"]
[Round "3"]
[White "Feick Stefan (GER)"]
[Black "Mohr Stefan (GER)"]
[Result "0-1"]
[WhiteElo "2210"]
[BlackElo "2485"]

1.d4 d6 2.Nf3 g6 3.c4 Bg7 4.Nc3 e5 5.Bg5 f6 6.Bh4 g5 7.Bg3 f5 8.h3 e4 9.Ng1 f4
10.Bh2 Nf6 11.e3 fxe3 12.fxe3 O-O 13.g4 Nc6 14.a3 Ne7 15.Bg2 Ng6 16.Nxe4 Nh4
17.Nxf6+ Qxf6 18.Qe2 Nxg2+ 19.Qxg2 Be6 20.Ne2 Bxc4 21.Ng3 Qe6 {#R} 0-1

[Event "It"]
[Site "Haringey (England)"]
[Round "0"]
[White "Karolyi Tibor Jr (HUN)"]
[Black "Hodgson Julian M (ENG)"]
[Result "0-1"]
[WhiteElo "2329"]
[BlackElo "2535"]

1.d4 d6 2.Nf3 Bg4 3.Nbd2 Nf6 4.c4 Nbd7 5.h3 Bh5 6.g4 Bg6 7.Bg2 e5 8.Nh4 c6
9.Nxg6 hxg6 10.e3 d5 11.O-O e4 12.cxd5 cxd5 13.f3 Bb4 14.g5 Nh7 15.h4 Nxg5
16.hxg5 Qxg5 17.Rf2 O-O-O 18.fxe4 Rh5 19.Qb3 Rdh8 20.Kf1 Bxd2 21.Rxd2 Rh1+
22.Bxh1 Rxh1+ 23.Ke2 Nc5 24.dxc5 dxe4 25.Rd8+ Qxd8 {#R} 0-1

[Event "It (cat.9)"]
[Site "Tel Aviv (Israel)"]
[Round "10"]
[White "Gurevich Mikhail (TUR)"]
[Black "Davies Nigel R (ENG)"]
[Result "1-0"]
[WhiteElo "2645"]
[BlackElo "2465"]

1.d4 d6 2.Bg5 g6 3.c4 Bg7 4.Nc3 Nf6 5.e3 c5 6.Bd3 O-O 7.Nge2 Nc6 8.O-O Qa5
9.Bh4 a6 10.a3 Rb8 11.b4 cxb4 12.axb4 Qxb4 13.Bxf6 exf6 14.Nd5 Qb2 15.Nec3 Be6
16.Na4 Qxa1 17.Qxa1 Bxd5 18.cxd5 Nb4 19.Be2 b5 20.Nc3 Rfc8 21.Rb1 Nc2 22.Qb2
{#r} 1-0

[Event "It (open)"]
[Site "Biel (Switzerland)"]
[Round "0"]
[White "Peisser Manfred (AUT)"]
[Black "Radulov Ivan (BUL)"]
[Result "0-1"]
[WhiteElo "2039"]
[BlackElo "2450"]

1.d4 d6 2.Nf3 Bg4 3.Bf4 Nf6 4.Nbd2 c6 5.h3 Bh5 6.c3 Nbd7 7.Qb3 Qc7 8.e3 e5
9.dxe5 Nxe5 10.Be2 Be7 11.Rd1 O-O 12.O-O Nfd7 13.Rfe1 Nc5 14.Qc2 Bg6 15.e4 f5
16.Bxe5 dxe5 17.Nc4 fxe4 18.Nfxe5 e3 {#R} 0-1

[Event "Ch Europe (team)"]
[Site "Haifa (Israel)"]
[Round "0"]
[White "Cvitan Ognjen (CRO)"]
[Black "Makropoulos Georgios (GRE)"]
[Result "1-0"]
[WhiteElo "2515"]
[BlackElo "2385"]

1.d4 d6 2.Nf3 Bg4 3.e4 Nf6 4.Nc3 e6 5.h3 Bh5 6.Qe2 c6 7.g4 Bg6 8.Bg5 Be7
9.Bxf6 Bxf6 10.O-O-O a5 11.h4 d5 12.exd5 cxd5 13.h5 Be4 14.Nxe4 dxe4 15.Qxe4
Nc6 16.Kb1 O-O 17.Bg2 Nb4 18.a3 Qd5 19.Qxd5 Nxd5 20.Ne5 Nf4 21.Be4 Bxe5
22.dxe5 h6 23.c3 Ra7 24.Kc2 f6 25.exf6 gxf6 26.b4 b6 27.a4 Rc8 28.Kb3 Nd5 {#r}
1-0